000
00310nam a2200145Ia 4500
100
_a
Leon/A/ Leon/M
650
_a
Database
942
_c
BK
245
_a
Database Management Systems
260
_b
Leon Vikas
_a
Mumbai
_c
1999
082
_a
005.74/LEO
_b
LEO
300
_a
988
546
_a
ENGLISH
999
_c
35198
_d
35198